000 00602nam a22001937a 4500
999 _c169936
_d169936
005 20191209115135.0
010 _aA-213195
020 _c10.00
_a-
035 _aA-213195
037 _bBPPD
082 _a270.41
100 _aملک عطا محمد
245 _aآ پ کی شخصيت ا و ر ا س کا ا ر تقاء
_cملک عطا محمد
246 _aAap ki Shakhsiyat Aur Uska Irtaqua
_bby Malik Ata Mohd.
260 _aDelhi
_c1983 ء
_bMerkazi Maktaba Islami
270 _aDelhi
_bDelhi
_k-
_e-
300 _a160 ص
_c22 cm(hb)
942 _2ddc
_cUR
_h270.41
_mم ل ک